Colour, Architecture and Value - Euros - Statistics

General Stats
  • This quiz has been taken 23 times
  • The average score is 15 of 21
Answer Stats
Answer % Correct
Blue
95%
Green
91%
Red
91%
Yellow
91%
Gothic
82%
10
77%
20
77%
5
77%
Orange
77%
Purple
77%
100
73%
200
73%
50
73%
500
73%
Baroque/ Rococo
73%
Classical
73%
Romanesque
68%
Grey
59%
Renaissance
59%
Iron and Glass/ The age of Iron and Glass
9%
Modern 20th century/ Modern architecture
9%
No matching quizzes found
Score Distribution
Percent of People with Each Score
Percentile by Number Answered
Your Score History
You have not taken this quiz